La marina de guerra y la industria nacional (Record no. 25297)

MARC details
000 -LEADER
campo de control de longitud fija 00493nam a2200157 i 4500
001 - NÚMERO DE CONTROL
campo de control 25297
003 - IDENTIFICADOR DE NÚMERO DE CONTROL
campo de control ES-MaACL
005 - FECHA Y HORA DE LA ÚLTIMA TRANSACCIÓN
campo de control 20230906153231.0
007 - CAMPO FIJO DE DESCRIPCIÓN FÍSICA--INFORMACIÓN GENERAL
campo de control de longitud fija t|
008 - DATOS DE LONGITUD FIJA--INFORMACIÓN GENERAL
campo de control de longitud fija 021223s1890 sp ||||1| spa d
100 1# - ENTRADA PRINCIPAL--NOMBRE DE PERSONA
Nombre de persona Aranda y Pery, Joaquín María (
Fechas asociadas al nombre 1832-1901)
9 (RLIN) 22294
245 13 - MENCIÓN DEL TÍTULO
Título La marina de guerra y la industria nacional
Resto del título : memoria... /
Mención de responsabilidad, etc. Jaquín María Aranda.
260 ## - PUBLICACIÓN, DISTRIBUCIÓN, ETC.
Lugar de publicación, distribución, etc. Madrid :
Nombre del editor, distribuidor, etc. [s.n.],
Fecha de publicación, distribución, etc. 1890.
650 #4 - PUNTO DE ACCESO ADICIONAL DE MATERIA--TÉRMINO DE MATERIA
Término de materia o nombre geográfico como elemento de entrada Marina de guerra-
Subdivisión geográfica España.
9 (RLIN) 136467
852 ## - LOCALIZACIÓN
Ubicación ES-MaACL
Número de control de estantería T-543-F-11
Holdings
Estatus retirado Estado de pérdida Estado de daño No para préstamo Colección Biblioteca de origen Biblioteca actual Ubicación en estantería Fecha de adquisición Fuente de adquisición Total de préstamos Signatura topográfica completa Código de barras Visto por última vez Precio de reemplazo Tipo de ítem Koha
        Colección de folletos Biblioteca del Ateneo de Madrid Biblioteca del Ateneo de Madrid Depósito folletos 17/01/2008     T-543-F-11 1026081 23/02/2023 23/02/2023 Folleto